UBT Library

Management / (Record no. 1068)

000 -LEADER
fixed length control field 00599nam a22002297a 4500
008 - FIXED-LENGTH DATA ELEMENTS--GENERAL INFORMATION
fixed length control field 150623b xxu||||| |||| 00| 0 eng d
020 ## - INTERNATIONAL STANDARD BOOK NUMBER
International Standard Book Number 978013209071
020 ## - INTERNATIONAL STANDARD BOOK NUMBER
International Standard Book Number 0132090716
041 0# - LANGUAGE CODE
Language code of text/sound track or separate title eng
080 ## - UNIVERSAL DECIMAL CLASSIFICATION NUMBER
Universal Decimal Classification number 33
100 ## - Rafti
Rafti Robbins, Stephen P.
245 ## - TITLE STATEMENT
Title Management /
Statement of responsibility, etc Stephen P. Robbins; Mary Coulter;
250 ## -
-- 10th Edition
260 ## -
-- USA:
-- Pearson;
-- 2009.
300 ## -
-- 565 f.:
-- me il:;
-- 26 cm.
505 ## -
-- Organization Index: f. 547 - 549
505 ## -
-- Glindex: f. 551 - 563
650 #0 -
-- Menaxhim
650 #0 -
-- Organizim
650 #0 -
-- Udhëheqje
942 ## - ADDED ENTRY ELEMENTS (KOHA)
Source of classification or shelving scheme
Item type Books
Holdings
Withdrawn status Lost status Source of classification or shelving scheme Damaged status Not for loan Collection code Permanent location Current location Shelving location Date acquired Total Checkouts Full call number Date last seen Price effective from Koha item type
          Koleksioni i përgjithshem UBT - Prishtine UBT - Prishtine Koleksioni i përgjithshem 06/23/2015   658 ROB 06/23/2015 06/23/2015 Books
UBT Library © 2015-2024. All rights reserved University Education for Business and Technology